[Event "Philadelphia op"]
[Site "Philadelphia"]
[Date "2011.04.24"]
[Round "9"]
[White "Finney, Stuart"]
[Black "Arnold, Marc Tyler"]
[Result "0-1"]
[WhiteElo "2122"]
[BlackElo "2435"]
[PlyCount "64"]
[EventDate "2011.04.20"]
[EventType "swiss"]
[EventRounds "9"]
[EventCountry "USA"]
[SourceTitle "CBM 141 Extra"]
[Source "ChessBase"]
[SourceDate "2011.05.03"]
[SourceVersion "1"]
[SourceVersionDate "2011.05.03"]
[SourceQuality "1"]

1. e4 c5 2. Nf3 d6 3. d4 cxd4 4. Nxd4 Nf6 5. Nc3 a6 6. Be3 e6 7. f3 b5 8. Qd2 Bb7 9. g4 Nfd7 10. 0-0-0 Nb6 11. Bd3 N8d7 12. Qf2 Rc8 13. Nce2 Na4 14. Kb1 Ndc5 15. g5 Qc7 16. Ng3 d5 17. Bc1 g6 18. Rhe1 Bg7 19. f4 dxe4 20. Nxe4 Nxe4 21. Bxe4 Bxe4 22. Rxe4 0-0 23. Nf3 Rfd8 24. Rde1 Nb6 25. Ne5 Nc4 26. Nxc4 bxc4 27. c3 Rd3 28. Be3 Bxc3 29. bxc3 Qb7+ 30. Bb6 Rd6 31. Ka1 Rxb6 32. Rd4 Rb8 0-1

[Event "North American-ch U16"]
[Site "Montreal"]
[Date "2010.08.19"]
[Round "7"]
[White "Kleinman, Michael"]
[Black "Finney, Stuart"]
[Result "0-1"]
[WhiteElo "2206"]
[BlackElo "2175"]
[PlyCount "68"]
[EventDate "2010.08.16"]
[EventType "swiss"]
[EventRounds "7"]
[EventCountry "CAN"]
[SourceTitle "EXT 2013"]
[Source "ChessBase"]
[SourceDate "2012.11.22"]
[SourceVersion "1"]
[SourceVersionDate "2012.11.22"]
[SourceQuality "1"]

1. e4 c5 2. Nc3 Nc6 3. Bb5 Nd4 4. Bc4 g6 5. Nf3 Bg7 6. Nxd4 cxd4 7. Qf3 Nh6 8. d3 0-0 9. Ne2 Ng4 10. Qg3 d6 11. h4 h5 12. f3 Ne5 13. Bb3 e6 14. Bg5 Qa5+ 15. Bd2 Qc5 16. Nf4 a5 17. a4 Bd7 18. Qh3 b5 19. axb5 Bxb5 20. Rc1 a4 21. Ba2 Nc6 22. c4 dxc3 23. bxc3 Na5 24. d4 Qa3 25. Rc2 Nb3 26. Be3 Nxd4 27. Rd2 Qxc3 28. Kf2 Nc2 29. Kg3 Nxe3 30. Nxg6 Qxd2 31. Bxe6 Qxg2+ 32. Qxg2 Nxg2 33. Ba2 Ne3 34. Rb1 Bc4 0-1

[Event "North American-ch U16"]
[Site "Montreal"]
[Date "2010.08.17"]
[Round "4"]
[White "Kraiouchkine, Nikita"]
[Black "Finney, Stuart"]
[Result "1-0"]
[WhiteElo "2324"]
[BlackElo "2175"]
[PlyCount "39"]
[EventDate "2010.08.16"]
[EventType "swiss"]
[EventRounds "7"]
[EventCountry "CAN"]
[SourceTitle "EXT 2013"]
[Source "ChessBase"]
[SourceDate "2012.11.22"]
[SourceVersion "1"]
[SourceVersionDate "2012.11.22"]
[SourceQuality "1"]

1. e4 c5 2. Nf3 d6 3. d4 cxd4 4. Nxd4 Nf6 5. Nc3 a6 6. Bc4 e6 7. Bb3 b5 8. f4 Bb7 9. e5 dxe5 10. fxe5 Nd5 11. Qg4 h5 12. Nxe6 Qe7 13. Nxg7+ Kd8 14. Qd4 Bxg7 15. Bf4 Nd7 16. Bxd5 Bxd5 17. Qxd5 Rc8 18. 0-0-0 Ke8 19. Qb7 Rc4 20. Ne4 1-0

[Event "Pan American U16"]
[Site "Bento Goncalves"]
[Date "2010.08.04"]
[Round "4"]
[White "Romero Barreto, Jaime Jose"]
[Black "Finney, Stuart"]
[Result "0-1"]
[WhiteElo "2047"]
[BlackElo "2090"]
[PlyCount "70"]
[EventDate "2010.08.02"]
[EventType "swiss"]
[EventRounds "9"]
[EventCountry "BRA"]
[SourceTitle "EXT 2013"]
[Source "ChessBase"]
[SourceDate "2012.11.22"]
[SourceVersion "1"]
[SourceVersionDate "2012.11.22"]
[SourceQuality "1"]

1. e4 c5 2. Nf3 d6 3. d4 cxd4 4. Nxd4 Nf6 5. Nc3 a6 6. Be3 e6 7. Be2 Be7 8. f4 Qc7 9. 0-0 b5 10. Bf3 Bb7 11. a3 Nbd7 12. Qe1 0-0 13. Qg3 Kh8 14. Kh1 Rac8 15. Qh3 Nc5 16. f5 e5 17. Nde2 Ncxe4 18. g4 Nxc3 19. Nxc3 Bxf3+ 20. Rxf3 Qc4 21. Rg1 Nd5 22. g5 Nxe3 23. Rxe3 Qc6+ 24. Re4 f6 25. g6 h6 26. Qg2 Rfd8 27. a4 d5 28. axb5 axb5 29. Rh4 d4 30. Ne4 Qxc2 31. Qh3 Kg8 32. Rg2 Qc1+ 33. Rg1 Qe3 34. Rg3 Rc1+ 35. Kg2 Rg1# 0-1

[Event "Pan American U16"]
[Site "Bento Goncalves"]
[Date "2010.08.03"]
[Round "2"]
[White "De la Rosa Lara, Armando Antonio"]
[Black "Finney, Stuart"]
[Result "0-1"]
[WhiteElo "2006"]
[BlackElo "2090"]
[PlyCount "60"]
[EventDate "2010.08.02"]
[EventType "swiss"]
[EventRounds "9"]
[EventCountry "BRA"]
[SourceTitle "EXT 2013"]
[Source "ChessBase"]
[SourceDate "2012.11.22"]
[SourceVersion "1"]
[SourceVersionDate "2012.11.22"]
[SourceQuality "1"]

1. d4 d5 2. c4 e6 3. Nc3 c6 4. e4 dxe4 5. Nxe4 Bb4+ 6. Nc3 Nf6 7. a3 Bxc3+ 8. bxc3 c5 9. Qd3 0-0 10. Nf3 h6 11. a4 Nbd7 12. Be2 b6 13. Bf4 Qe7 14. Ne5 Bb7 15. 0-0 Nxe5 16. Bxe5 Nd7 17. Bf4 e5 18. dxe5 Nxe5 19. Qg3 Ng6 20. Be3 Qf6 21. f4 Nh4 22. f5 Nxg2 23. Bf2 Qxf5 24. Bg4 Qg6 25. Rad1 h5 26. Rd7 Be4 27. Bd1 Nf4 28. Re1 Rad8 29. Rxd8 Rxd8 30. Bxh5 Nxh5 0-1

[Event "Wch U14"]
[Site "Kemer"]
[Date "2009.11.22"]
[Round "11"]
[White "Giroyan, Gary"]
[Black "Finney, Stuart"]
[Result "1-0"]
[WhiteElo "2176"]
[BlackElo "2007"]
[PlyCount "81"]
[EventDate "2009.11.12"]
[EventType "swiss"]
[EventRounds "11"]
[EventCountry "TUR"]
[SourceTitle "EXT 2010"]
[Source "ChessBase"]
[SourceDate "2010.11.25"]
[SourceVersion "1"]
[SourceVersionDate "2010.11.25"]
[SourceQuality "1"]

1. e4 c5 2. Nf3 d6 3. d4 cxd4 4. Nxd4 Nf6 5. Nc3 a6 6. Bc4 e6 7. Bb3 b5 8. Bg5 Be7 9. Qf3 Qc7 10. Bxf6 Bxf6 11. 0-0-0 0-0 12. e5 dxe5 13. Nxe6 fxe6 14. Qxa8 Nc6 15. Nd5 exd5 16. Bxd5+ Kh8 17. Qxc6 Qa7 18. Kb1 Bf5 19. Be4 Rc8 20. Qd5 Bxe4 21. Qxe4 Qxf2 22. Rhf1 Qb6 23. c3 h6 24. Rd7 Rc4 25. Qd5 Rc6 26. h4 Re6 27. g3 e4 28. Rb7 Qd6 29. Qxd6 Rxd6 30. Rb8+ Kh7 31. Re8 Rd3 32. Rxe4 Rxg3 33. a4 Kg6 34. Ref4 Rh3 35. Kc2 Kh5 36. axb5 axb5 37. Rf5+ Kg6 38. Rxb5 Bxh4 39. c4 Bf6 40. c5 Rh2+ 41. Kd3 1-0

[Event "Wch U14"]
[Site "Kemer"]
[Date "2009.11.15"]
[Round "4"]
[White "Finney, Stuart"]
[Black "Baglan, Esat"]
[Result "1-0"]
[WhiteElo "2007"]
[BlackElo "1762"]
[PlyCount "79"]
[EventDate "2009.11.12"]
[EventType "swiss"]
[EventRounds "11"]
[EventCountry "TUR"]
[SourceTitle "EXT 2010"]
[Source "ChessBase"]
[SourceDate "2010.11.25"]
[SourceVersion "1"]
[SourceVersionDate "2010.11.25"]
[SourceQuality "1"]

1. e4 c5 2. Nf3 Nc6 3. d4 cxd4 4. Nxd4 Qb6 5. Nb3 Nf6 6. Nc3 e6 7. Be3 Bb4 8. Bd3 Qc7 9. 0-0 Bxc3 10. bxc3 0-0 11. f4 a6 12. g4 d6 13. g5 Nd7 14. Qh5 g6 15. Qh6 f5 16. exf5 gxf5 17. Qxe6+ Kh8 18. Qh6 Rf7 19. Bc4 Rg7 20. Nd4 Rg6 21. Qh5 Nf6 22. Qe2 d5 23. Nxc6 Qxc6 24. Bb3 Ne4 25. Bd4+ Kg8 26. Rf3 Be6 27. h4 Kf7 28. Kh2 Qb5 29. Rd3 Rc8 30. a4 Qa5 31. h5 Rgg8 32. Re1 Qc7 33. Be5 Qc5 34. Re3 Rcd8 35. Rg1 Qf8 36. a5 Rd7 37. c4 dxc4 38. Rxe4 fxe4 39. Bxc4 Bxc4 40. Qxc4+ 1-0

[Event "Wch U14"]
[Site "Kemer"]
[Date "2009.11.13"]
[Round "2"]
[White "Finney, Stuart"]
[Black "Nikologorskiy, Konstantin"]
[Result "1/2-1/2"]
[WhiteElo "2007"]
[BlackElo "2164"]
[PlyCount "117"]
[EventDate "2009.11.12"]
[EventType "swiss"]
[EventRounds "11"]
[EventCountry "TUR"]
[SourceTitle "EXT 2010"]
[Source "ChessBase"]
[SourceDate "2010.11.25"]
[SourceVersion "1"]
[SourceVersionDate "2010.11.25"]
[SourceQuality "1"]

1. e4 c5 2. Nf3 d6 3. d4 cxd4 4. Nxd4 Nf6 5. Nc3 a6 6. Be3 e5 7. Nb3 Be6 8. f3 Be7 9. Qd2 Nbd7 10. 0-0-0 Rc8 11. g4 b5 12. g5 Nh5 13. Kb1 Nb6 14. Qf2 Nc4 15. Bxc4 Rxc4 16. Bb6 Qd7 17. h4 Nf4 18. Nd5 Nxd5 19. exd5 Bf5 20. Rd2 h6 21. Rg1 hxg5 22. hxg5 Rhh4 23. Be3 Bd8 24. f4 e4 25. Nd4 Ba5 26. Rdd1 Rh3 27. Rh1 g6 28. Rxh3 Bxh3 29. Qh4 Qg4 30. Qh8+ Kd7 31. Rg1 Qh5 32. Qg8 Ke7 33. Nc6+ Rxc6 34. dxc6 Qe2 35. Bd4 Bf1 36. Bf6+ Ke6 37. Qe8+ Kd5 38. Qxf7+ Kxc6 39. Qe8+ Kd5 40. Qa8+ Ke6 41. Qg8+ Kd7 42. Qf7+ Kc6 43. Qe8+ Kd5 44. Qa8+ Ke6 45. Qc8+ Kd5 46. Qb7+ Kc5 47. b3 Bd2 48. Qc7+ Kd5 49. c4+ bxc4 50. bxc4+ Qxc4 51. Qxc4+ Bxc4 52. f5 Bd3+ 53. Kb2 e3 54. fxg6 Bxg6 55. Bc3 Kc4 56. Rg4+ Kc5 57. Rg2 Be4 58. Bxd2 exd2 59. Rxd2 1/2-1/2

[Event "Ostroda op-B 4th"]
[Site "Ostroda"]
[Date "2007.08.10"]
[Round "7"]
[White "Korcz, Daniel"]
[Black "Finney, Stuart"]
[Result "0-1"]
[WhiteElo "1800"]
[BlackElo "1900"]
[PlyCount "112"]
[EventDate "2007.08.06"]
[EventType "swiss"]
[EventRounds "9"]
[EventCountry "POL"]
[SourceTitle "EXT 2023"]
[Source "ChessBase"]
[SourceDate "2022.10.05"]
[SourceVersion "1"]
[SourceVersionDate "2022.10.05"]
[SourceQuality "1"]

1. e4 c5 2. Nf3 d6 3. d4 cxd4 4. Nxd4 Nf6 5. Nc3 a6 6. Be2 e6 7. Be3 Qc7 8. f3 b5 9. a3 Bb7 10. Qd2 Nbd7 11. 0-0 Nb6 12. Rfd1 d5 13. exd5 Nbxd5 14. Nxd5 Nxd5 15. Bf2 Bd6 16. h3 0-0 17. c3 Bf4 18. Qe1 Rad8 19. Bd3 Rfe8 20. Nc2 f5 21. Ne3 Qf7 22. Nxd5 Bxd5 23. Bc2 Qg6 24. Qe2 Kh8 25. a4 e5 26. axb5 axb5 27. Be3 h5 28. Bxf4 exf4 29. Qf2 Re5 30. Bb3 Qf6 31. Rxd5 Rdxd5 32. Bxd5 Rxd5 33. Re1 Qd8 34. Qe2 Kh7 35. Qe6 Qg8 36. Qxg8+ Kxg8 37. Kf2 Kf7 38. Re2 Kf6 39. Ke1 Rd8 40. Rd2 Re8+ 41. Kd1 Kg5 42. Kc2 Re5 43. Kb3 Kh4 44. Kb4 g5 45. c4 bxc4 46. Kxc4 g4 47. hxg4 fxg4 48. fxg4 hxg4 49. b4 f3 50. gxf3 gxf3 51. Rd3 f2 52. Rf3 Re2 53. Kc5 Kg4 54. Rf8 Re5+ 55. Kc4 Rf5 56. Rg8+ Kf3 0-1